|
|
|
|
| LEADER |
01342nam a22003374a 4500 |
| 001 |
41133 |
| 003 |
BD-DhAAL |
| 005 |
20230427154805.0 |
| 008 |
230428t2004 dcua b i001 0 eng d |
| 010 |
|
|
|a 2004043984
|
| 020 |
|
|
|a 0821357557
|
| 020 |
|
|
|a 9780821357552
|
| 040 |
|
|
|a DLC
|c DLC
|d DLC
|d BD-DhAAL
|
| 042 |
|
|
|a pcc
|
| 050 |
0 |
0 |
|a SD393
|b .S87 2004
|
| 082 |
0 |
0 |
|a 333.75
|2 23
|
| 245 |
0 |
0 |
|a Sustaining forests :
|b a development strategy.
|
| 260 |
|
|
|a Washington, D.C. :
|b The World Bank,
|c c2004.
|
| 300 |
|
|
|a xvi, 80 pages :
|b illustrations ;
|c 26 cm. +
|e 1 CD-ROM (4 3/4 in.)
|
| 504 |
|
|
|a Includes bibliographical references (pages 68-73).
|
| 541 |
|
|
|a Donated By Akbar Ali Khan
|e 41133
|
| 610 |
2 |
0 |
|a World Bank.
|
| 650 |
|
0 |
|a Forests and forestry
|x Economic aspects.
|9 1504
|
| 650 |
|
0 |
|a Forest policy.
|
| 650 |
|
0 |
|a Sustainable development.
|
| 710 |
2 |
|
|a World Bank.
|
| 852 |
|
|
|a Ayesha Abed Library
|c Akbar Ali Khan Collection
|
| 942 |
|
|
|2 ddc
|c BK
|
| 999 |
|
|
|c 45687
|d 45687
|
| 952 |
|
|
|0 0
|1 0
|2 ddc
|4 0
|6 333_750000000000000_SUS
|7 1
|9 73569
|a BRACUL
|b BRACUL
|c AAKC
|d 2023-04-27
|e Donated By Akbar Ali Khan
|l 0
|o 333.75 SUS
|p 3010041133
|r 2023-04-27
|t 1
|w 2023-04-27
|y BK
|
| 952 |
|
|
|0 0
|1 0
|2 ddc
|4 0
|6 333_750000000000000_SUS
|7 0
|9 73570
|a BRACUL
|b BRACUL
|c AV
|d 2023-04-27
|e Donated By Akbar Ali Khan
|l 0
|o 333.75 SUS
|p 4010041133
|r 2023-04-27
|t 1
|w 2023-04-27
|y AV
|